[Event "Metz op 31th"]
[Site "Metz"]
[Date "2013.04.25"]
[Round "9"]
[White "Svetushkin, Dmitry"]
[Black "Gharamian, Tigran"]
[Result "1/2-1/2"]
[WhiteElo "2588"]
[BlackElo "2663"]
[Annotator "Metz Alekhine/Primel,D"]
[PlyCount "94"]
[EventDate "2013.04.20"]
[EventType "swiss"]
[EventRounds "9"]
[EventCountry "FRA"]
[SourceTitle "EXT 2016"]
[Source "ChessBase"]
[SourceDate "2015.10.08"]
[SourceVersion "1"]
[SourceVersionDate "2015.10.08"]
[SourceQuality "1"]
[TimeControl "40/5400:1800+30"]
[WhiteClock "1:30:00"]
[BlackClock "1:30:00"]

1. e4 c5 2. Nf3 g6 3. d4 cxd4 4. Nxd4 Bg7 5. c4 Nc6 6. Be3 Nf6 7. Nc3 O-O 8.
Be2 d6 9. O-O Bd7 10. f3 (10. Qd2 {La grande ligne restreint les options des
noirs} Nxd4 11. Bxd4 Bc6 12. f3 a5 13. b3 Nd7 14. Be3 Nc5 15. Rab1 Qb6 {
Primel,D -Bernard,C (2255) Plancoet op 10th 2013 (9) 1/2-1/2}) 10... Qb6 $1 {
[%csl Rd4,Re3][%cal Gg7d4,Gf6e4] Le nordiste était sorti de sa préparation
puisqu'il avait déjà  dépensé près de 40 mns à  la pendule} (10... a6
11. Qd2 Qa5 12. Nc2 Rfc8 13. Rac1 {Godena,M (2545)-Lefebvre,H (2315) FRA-chT
9697 fin 1997 (11) 1/2-1/2} (13. Rab1) (13. b4 $5 $146 Qd8 (13... Nxb4 14. Nd5
Nfxd5 $1 15. exd5 Bxa1 16. Rxa1 Nc6 17. dxc6 Qxd2 18. Bxd2 bxc6 19. Bc3 (19.
Rb1 Rab8)))) 11. Ncb5 (11. Na4) (11. Kh1) 11... a6 (11... Nxd4 12. Bxd4 Qa5 13.
Bc3 Qb6+ 14. Bd4 Qa5 15. Bc3 {1/2-1/2 (15) Erenburg,S (2523)-Bu Xiangzhi (2606)
Reykjavik 2004}) 12. Nc2 Qa5 (12... Qd8) 13. Nc3 Rfc8 14. Qd2 Ne5 {[%csl Rc4]
Une nouveauté dans cet ordre de coups mais en fait, la partie a transposé
dans la variante 11. Qa5, les coups Ncb5 et Qb6 en moins.} (14... Be6 15. Nd5
Qxd2 16. Bxd2 Nxd5 17. exd5 Nd4 18. Nxd4 Bxd4+ 19. Kh1 Bd7 20. Rac1 {Nikcevic,
N (2488)-Velimirovic,D (2558) YUG-Cup Herceg Novi 2000 (5) 1/2}) 15. c5 $5 {
Un sacrifice thématique dans cette structure pour essayer de profiter du
manque de protection du Bd7} (15. b4 $5 Qd8 (15... Qc7 16. Na3 {[%cal Ga1c1]})
16. Na3) 15... dxc5 {Relevant le gant mais les Blancs ont des bonnes
compensations. Les Blancs ont néanmoins dépensé beaucoup de temps à
calculer les variantes et il restait à peine 15 mns au nordiste pour passer
le contrôle de temps} 16. f4 {[%csl Rd7][%cal Gd2d7]} Neg4 (16... Nc6 17. e5 {
[%csl Rd7]} Rd8 18. exf6 Bxf6) 17. e5 $36 Rd8 $1 $13 {[%csl Rd2][%cal Gd8d2,
Gd7b5]} 18. exf6 $5 {La menace aurait été plus forte avec la Rf8} Bf5 {
[%csl Rc2,Rd2,Re3][%cal Gd8d2,Gf5c2]} (18... Nxe3 19. Qxe3 Bxf6 20. Nd5 $16)
19. Qe1 (19. Qc1 Nxf6 $44) (19. Nd5 $5 Qxd2 20. Nxe7+ Kf8 21. fxg7+ Kxe7 22.
g8=N+ $1 {La pointe!} Kf8 (22... Rxg8 23. Bxd2 Rgd8 24. Ba5 $40 {[%csl Ga5,Ge2]
}) 23. Bxd2 Rxd2 24. Bxg4 Bxg4 25. Nf6 Rxc2 26. Nxg4 Rxb2 {[%csl Gb2,Gc5]
Malgré la pièce de plus, le gain n'est pas facile pour les Blancs} 27. Rf2 $1
Rxf2 28. Kxf2 b5 29. Ke3 c4 $44) 19... Nxf6 (19... Bxf6 $143 20. Nd5) 20. Rc1
Qc7 21. a4 (21. Na4 Nd5) 21... Rac8 22. h3 {[%cal Gg2g4]} Qb6 {[%csl Rb2]} 23.
g4 {[%csl Rg1] La suite logique du coup h3 mais ce plan est assez risqué} (23.
b4 $6 {[%cal Ge3b6]} Qe6 {[%csl Rc2,Re3][%cal Gf5c2]} 24. Bxc5 Nd7 $132 {
[%csl Rc3,Rc5,Gg7]}) (23. a5 $5 Qxb2 (23... Qxa5) 24. Na4 Qa2 25. Nb6 Bxc2 26.
Nxc8 Rxc8 27. Qd2 Bb3 28. Qxa2 Bxa2 29. Bxc5 {[%csl Rb7][%cal Ge2f3]}) 23...
Bd3 24. Bxd3 Rxd3 25. Qe2 Rcd8 $132 {[%csl Gd3,Gd8] Les pièces Noires sont
mieux coordonnées mais il faut encore activer le B pour prendre l'avantage.}
26. Ne1 R3d6 (26... Nxg4 $5 27. Nxd3 (27. hxg4 Rxe3 {[%csl Gg7][%cal Gg7d4]}
28. Qxe3 Bd4) 27... Nxe3 28. Rfe1 Bd4 $36 {[%csl Rg1]}) 27. Nf3 (27. Qc4 $5 {
[%csl Rc5,Gd5]} Nd7 28. Nd5 {[%csl Re7]}) 27... Nd5 28. Nxd5 Rxd5 29. Rfd1 (29.
b4 $5 {[%cal Ge3b6]} Qxb4 30. Rc4 {L'idée du sacrifice pour gagner un tempo
et doubler les R pour faire pression sur la faiblesse "c5"} Qb6 31. Rfc1 Rc8
32. Qf2 $36 {[%csl Rc5]}) 29... Qxb2 30. Kf1 Qa3 31. Kf2 Qxa4 $44 {[%csl Ga6]
[%cal Gd5d1,Ga4d1]} 32. Rxd5 Rxd5 {(=)} 33. Rxc5 (33. Bxc5) 33... Rxc5 34. Bxc5
Qxf4 (34... e6) 35. Qxe7 Qb8 $13 {Début d'une finale complexe car si la
majorité de l'aile-dame donne des compensations aux Noirs, le couple Q+ N
peut aussi donner des chances d'attaque à  l'aile-roi} 36. Qd7 (36. Ng5 $1 {
[%cal Gg5f7] Un coup candidat naturel pour activer le couple N+Q} Qh2+ $2 {
Les Blancs ont probablement surestimé cet échec car le K Blanc peut
bizarrement s'abriter en montant} (36... Qf8 37. Qc7 Qe8 38. Qxb7 $36) 37. Kf3
Qh1+ 38. Kg3 $18) 36... b5 {La majorité est encore loin mais les Noirs
doivent jouer activement pour faire diversion} 37. Bd6 $6 {Perd un temps pour
empêcher l'échec Qh2} (37. Ng5 $142 h6 38. Qxf7+ Kh8 39. Nf3 Qc8 40. Bd6 Qc2+
41. Kg3 a5 42. Qe8+ Kh7 43. Qxb5) 37... Qb6+ 38. Kg2 h6 $1 {Les Blancs ont
laissé passer leur chance car il n'y a plus la menace Ng5} 39. g5 (39. Ne5 Kh7
40. Nxf7 Qe3 41. Bg3 b4 $132) 39... Qe3 (39... h5 40. Qe8+ Kh7 41. Qe7 a5) 40.
gxh6 Bxh6 41. Be5 (41. Qd8+ Kh7 42. Be5 {[%cal Gd8h8]} Bg7 (42... Qe2+ 43. Kg3
$18) 43. Ng5+ Kh6 44. Nxf7+ {Gagne un P mais la position trop exposé du K
Blanc force la répétition de coups} Kh7 45. Ng5+) 41... Qc5 42. Bd6 Qd5 $1
$11 {[%csl Gd5][%cal Gd5f7,Ga6a5,Gd5b5,Gb5b4] Un coup multifonction qui tient
la position} 43. Qc8+ Kh7 44. Qxa6 Qe6 45. Kg3 b4 46. Qd3 Qd7 {Renouvelle le
clouage!} 47. Qd4 b3 $1 1/2-1/2

[Event "Bundesliga 0910"]
[Site "Germany"]
[Date "2010.02.07"]
[Round "9.6"]
[White "Babula, Vlastimil"]
[Black "Meissner, Bernd"]
[Result "1-0"]
[WhiteElo "2569"]
[BlackElo "2410"]
[Annotator "Meyer,CD"]
[PlyCount "109"]
[EventDate "2009.10.16"]
[EventType "team-tourn"]
[EventRounds "15"]
[EventCountry "GER"]
[SourceTitle "CBM 135"]
[Source "ChessBase"]
[SourceDate "2010.03.17"]
[SourceVersion "1"]
[SourceVersionDate "2010.03.17"]
[SourceQuality "1"]
[WhiteTeam "Werder Bremen"]
[BlackTeam "Bayern Muenchen"]
[WhiteTeamCountry "GER"]
[BlackTeamCountry "GER"]

1. d4 Nf6 2. c4 g6 3. Nc3 Bg7 4. e4 d6 5. Nf3 O-O 6. Be2 c5 7. O-O cxd4 8. Nxd4
Nc6 9. Be3 Bd7 {Via Königsindisch ist das Spiel zu einer Variante der
Sizilianischen Verteidigung /Beschleunigter Drachen (Maroczy) übergegangen, in
der Weiß über ein kleines, angenehmes Stellungsplus nebst einer großen Auswahl
an Fortsetzungen (Qd2, Rc1, Nb3 etc.) verfügt.} 10. Nc2 {Zwar nicht die
häufigste, aber eine solide und ebenfalls erfolgversprechende Fortsetzung, mit
der Weiß den sonst üblichen Entlastungstausch auf d4 vermeidet, also die
Figuren bei Raumvorteil auf dem Brett behält, das Feld b4 kontrolliert und ggf.
die Springerwanderung Ne3(Nb4)-d5 anstrebt.} a6 ({Oder} 10... Rc8 {und z.B.}
11. f3 Na5 (11... Be6 12. Qd2 Nd7 13. Rac1 Qa5 14. b4 Nxb4 $2 (14... Qa6 $5 $13
) 15. Nd5 Bxd5 16. exd5 Nxc2 17. Qxa5 Nxe3 18. Rfe1 $16 {Miles - Piket,
Groningen 1992}) 12. b3 $6 (12. Na3 $142) 12... a6 $6 (12... Ng4 $142 $1 13.
Bd2 (13. Bd4 $2 Bxd4+ 14. Qxd4 Nc6 15. Qd2 Qb6+) 13... Nf6 (13... Qb6+ $6 14.
Kh1 Nf2+ $2 (14... Nf6) 15. Rxf2 Qxf2 16. Nd5 $1 $16 {, z.B.} Rfe8 17. Bxa5
Bxa1 18. Be1 Qc5 19. Qxa1) 14. Be3 Ng4 $11) 13. Rc1 b5 14. Nd5 Rb8 $2 (14...
Nxd5 15. cxd5 Nb7 16. b4 $14) 15. Nxf6+ Bxf6 16. cxb5 axb5 17. Nb4 $16 Qe8 18.
Qd2 Qd8 19. Rc2 Bg7 20. Rfc1 Rb7 21. Nd5 e6 22. Nb4 Rb6 23. Rc7 {1-0 Babula,V 
(2596)-Bezold,M (2521), Bundesliga 2007}) 11. f3 Rc8 12. Qd2 Ne5 13. b3 b5 14.
cxb5 Qc7 ({I} 14... axb5 15. Rac1 $14 (15. Nxb5 $143 Neg4 (15... Bxb5 16. Bxb5
d5 17. Ba6 Rb8 18. exd5 Nxd5 $44 {0-1/42, Arakhamia Grant,K (2452)-Corkett,A 
(2321), West Bromwich 2005}) 16. Nba3 (16. fxg4 $2 Nxe4) 16... Nxe3 17. Nxe3
Qc7 18. Rad1 Bh6 19. Nac4 Qa7 $44) (15. Rfc1 $143 Nfg4 $1 16. Bd4 Bh6 17. Ne3
Nxe3 18. Bxe3 Qb6 $13 {/=})) ({II} 14... Qa5 15. Bd4 Bxb5 $13 {/=}) 15. Bd4
axb5 16. Rfc1 $6 ({Ähnlich seiner o.a. Partie gegen Bezold schätzt Babula die
drohende Gefahr auf der Diagonalen h8-a1 gering ein. Weiß war besser beraten
mit: I} 16. Ne3 $142 $5 Qa5 17. Rfd1 Rfd8 $2 18. Nxb5 $16 {1-0/80, Janssen,
H-Skembris,S, Groningen 1977} (18. Ncd5 $16)) ({II} 16. Nb4 $142 $5 Qa5 17. a3
Be6 $2 18. Qb2 Nh5 (18... Bd7) 19. Ncd5 Bxd5 20. Nxd5 Nc6 21. Bxg7 Nxg7 22. Kh1
$16 {1-0/39, Adamski,J-Pytel,K, Lublin 1969}) 16... Qb7 $6 ({Hier läßt Schwarz
die Gelegenheit zu} 16... Nxf3+ $1 17. Bxf3 (17. gxf3 e5 $11) 17... e5 18. Nxb5
Bxb5 19. Be3 Qb7 $11 {mit leichtem Ausgleich ungenutzt.}) 17. Nb4 Rfd8 (17...
Nc6 18. Nxc6 Rxc6 19. a4 bxa4 20. bxa4 $14 {1-0/71, Laplaza,J-Gonzalo Gonzalez,
F, Mallorca 2004}) 18. Rab1 Nc6 19. Nxc6 Bxc6 20. a4 bxa4 21. bxa4 $14 {
Nach beiderseitigen Ungenauigkeiten führt Weiß das Zepter aufgrund seines
mobilen Freibauern, dennoch vermag Schwarz sich zäh zu verteidigen.} Qa8 22.
Bb6 (22. a5 $5) 22... Re8 23. Bb5 Nd7 24. Bd4 Bxb5 ({Schwer zu sagen, ob es
besser war, den Freibauern auf der a-Linie zu belassen:} 24... Bxd4+ 25. Qxd4
Nc5 $13) 25. axb5 (25. Bxg7 {hat einen Haken:} Bxa4 $1 26. Bh6 Bc6 27. Qd4 Nf6)
25... Qb8 $6 ({Nach} 25... Bxd4+ $142 26. Qxd4 Qa3 27. Ra1 Qb2 28. Qe3 e6 $14 {
/= wäre die Stellung etwa ausgeglichen.}) 26. b6 $6 ({Der geeignete Moment für
den Abtausch des Drachenläufers wird beiderseitig verpaßt. Jetzt wäre} 26. Bxg7
$142 $1 Kxg7 27. b6 $1 $16 {stark gewesen.}) 26... Rc4 $2 ({Der entscheidende
Fehler, mit dem Schwarz sich auch seine letzte Chance entgehen läßt. Nun
entwickelt sich aufgrund des aktiven weißen Übergewichts ein "Spiel auf ein
Tor". Ausreichend wäre hingegen} 26... Bxd4+ 27. Qxd4 e6 $14 {gewesen, z.B.}
28. Na4 Rxc1+ 29. Rxc1 Rc8 30. Rb1 (30. Rxc8+ Qxc8 31. Qb4 Qc1+ 32. Kf2 Nc5 33.
Qc3 Qxc3 34. Nxc3 Kf8) 30... Rc7 $1 {/\Rb7 -Fritzchen läßt grüßen!}) 27. Bxg7
Kxg7 28. Nd5 $18 {Mit technischer Gewinnstellung, die Weiß auch nicht mehr aus
den Händen gibt. Indes treten im weiteren Partieverlauf noch interessante
Momente auf.} Rxc1+ ({Oder z.B.} 28... Rc5 29. Rxc5 Nxc5 (29... dxc5 30. Qb2+
f6 31. b7 $18) 30. Ra1 Qb7 31. Ra7 Qb8 32. f4 $1 (32. Nxe7 $2 Rxe7 33. Rxe7 $1
Qxb6 34. Qa2 (34. Qe3 $4 Kf8) 34... Nxe4+ 35. Kf1 Qb5+ 36. Ke1 Qb4+ 37. Kf1
Qb5+ $11) 32... e6 (32... Nxe4 33. Qd4+ Nf6 34. Rxe7 $18) (32... f6 33. Nxe7
$18) 33. Qd4+ e5 (33... Kh6 34. Rxf7) 34. fxe5 Rxe5 (34... Ne6 35. Qf2 $18) 35.
Qf2 Qf8 36. Qf6+ Kg8 37. Ne7+ $18) 29. Rxc1 e6 (29... Kg8 30. Qd4 $1 Nc5 (30...
e6 31. Rc7 {ist Zugumstellung zur Partie}) 31. Qc3 {/\Ra1-a7+-}) 30. Qd4+ Kg8 (
{Nach} 30... Kh6 {hat Weiß die Wahl:} 31. Rc7 ({Oder} 31. Nc7 Rc8 32. Rc6 {
, da insbesondere} Nxb6 {an} 33. Na6 Qa8 34. Rxb6 $18 {scheitert.}) 31... exd5
(31... Rd8 32. Rxd7 Rxd7 33. Nf6 Rd8 34. Ng4+ Kh5 35. h4 $1 $18 Rg8 (35... Kxh4
36. Qf6+ Kh5 37. Qf4 Qxb6+ 38. Kh2) 36. Qe3 g5 37. Nf6+ Kh6 38. Nxg8+) 32. Rxd7
Rf8 (32... dxe4 33. Rxf7 Re5 34. b7 Qe8 (34... e3 35. Qf4+ Rg5 36. h4) 35. Qe3+
g5 36. f4) 33. exd5 $18) 31. Rc7 exd5 32. Rxd7 dxe4 33. fxe4 Qc8 34. Rc7 Qa6 ({
Falls} 34... Qb8 {, so z.B.} 35. Qf2 (35. Qxd6 $2 Re6 $1 $11) 35... Rf8 36. h3
h6 (36... Qd8 37. Qd4 h5 38. e5 $1 dxe5 (38... d5 39. e6) 39. Qxd8 Rxd8 40. b7)
37. Qd4 Re8 38. Kh1 Qd8 39. Qc3 {/\b7 und gewinnt}) 35. h3 $6 ({Zielstrebig
und wesentlich unkomplizierter war die Entscheidung im Schwerfiguren-Duell
mittels b7 oder Ra7, z.B.} 35. b7 $1 Qa5 36. Qc3 Qb6+ 37. Kh1 Rf8 38. h3 Qb1+
39. Kh2 Qxe4 40. Qf6 Qb4 41. Qe7 Qf4+ 42. Kg1 $18 {. Nun jedoch wird Weiß sich
noch in einem lästigen Turmendspiel abmühen müssen.}) 35... Rxe4 36. Qxd6 Re6
37. Qd8+ Kg7 38. Qd4+ Rf6 39. b7 (39. Rc6 $2 {verliert nur kostbare Zeit
gegenüber der Partiefortsetzung:} Qf1+ 40. Kh2 Qf4+ 41. Qxf4 Rxf4 42. b7 Rb4
43. Rc7 Kf6 {und Schwarz kann ungleich aktiver auftreten.}) 39... Qb6 40. Qxb6
Rxb6 {Diagramm [#]} 41. Kf2 Rb3 42. Ke2 h5 ({Mehr Probleme bereitet} 42... Kf6
{, z.B.} 43. Kd2 Ke6 44. Kc2 Rb6 45. Kd3 (45. Kc3) 45... Kd5 46. Rxf7 h5 (46...
h6 47. Rd7+ Kc6 48. Rh7 h5 49. Rg7 {ist Zugumstellung zu 46...h5/48.Rg7} ({auch
} 49. Kd4)) 47. Rd7+ $1 (47. h4 $6 Rb3+ 48. Kc2 Rb5 49. Rg7 Rb4 50. Kc3 Rb6 51.
Rxg6 Rxb7 52. Rg5+ Ke4 53. Rxh5 (53. Kc4 Rf7) 53... Rg7 $11) 47... Ke6 (47...
Kc6 48. Rg7 Kd5 {ist Zugumstellung} (48... Rb4 49. Kc3 Rb1 (49... Rb5 50. Kc4)
50. Kd4)) (47... Kc5 48. Ke4) 48. Rg7 Kd5 49. Rxg6 Rb3+ 50. Ke2 (50. Kc2) 50...
Rxb7 51. Rg5+ Ke4 52. Rxh5 $18) 43. Kd2 g5 44. Kc2 Rb5 45. Kc3 Kg6 46. Kc4 Rb1
47. Kc5 f6 48. g4 hxg4 49. hxg4 Rb2 50. Rd7 ({Um ggf. Rd6+ geben zu können,
aber bloß nicht} 50. Kc6 $2 f5 51. Kc5 (51. gxf5+ Kxf5 $11) 51... Rc2+ 52. Kb5
Rb2+ $11) 50... Rc2+ 51. Kd6 Rd2+ 52. Kc7 Rc2+ 53. Kd8 Rb2 54. Kc8 f5 55. Rd6+
1-0

[Event "Bundesliga 0405"]
[Site "Germany"]
[Date "2005.01.30"]
[Round "9.7"]
[White "Van den Doel, Erik"]
[Black "Ellers, Holger"]
[Result "1-0"]
[WhiteElo "2560"]
[BlackElo "2407"]
[Annotator "Mikhalevski,V"]
[PlyCount "93"]
[EventDate "2004.11.12"]
[EventType "team-tourn"]
[EventRounds "15"]
[EventCountry "GER"]
[SourceTitle "CBM 106"]
[Source "ChessBase"]
[SourceDate "2005.06.06"]
[SourceVersion "1"]
[SourceVersionDate "2005.06.06"]
[SourceQuality "1"]
[WhiteTeam "Porz"]
[BlackTeam "Wattenscheid"]
[WhiteTeamCountry "GER"]
[BlackTeamCountry "GER"]

1. e4 c5 2. Nf3 Nc6 3. d4 cxd4 4. Nxd4 g6 5. c4 Bg7 6. Be3 Nf6 7. Nc3 O-O 8.
Be2 d6 9. O-O Nxd4 10. Bxd4 Bd7 11. Qd3 {A very uncommon line. White protects
the e4-pawn and prepares advance of the f and b-pawns.} (11. Qd2 Bc6 12. f3 {
is the main line.}) 11... Re8 ({An earlier game of Van den Doel in this line
wasn't too long:} 11... a5 12. Nd5 {1/2-1/2 Van den Doel,E-Tiviakov,S/
Leeuwarden 2004/CBM 102 (12).}) ({A classical game in this line was won by
Smyslov.} 11... Bc6 12. Rfe1 Nd7 13. Bxg7 Kxg7 14. b4 b6 15. Rac1 Re8 16. Bf1
Nf8 17. a3 Qd7 18. Red1 Red8 19. Qe3 e5 20. c5 bxc5 21. bxc5 Qe7 22. Nd5 Bxd5
23. exd5 dxc5 24. Rxc5 $14 {1-0 Smyslov,V-Pirc,V/Belgrade 1956/MCD (36) and
White converted his positional advantage into a win.}) ({The origin-game saw} 
11... a6 $6 12. Qe3 Bc6 13. b4 Qb8 14. b5 axb5 15. cxb5 Bd7 16. a4 Be6 17. a5
Nd7 18. Bxg7 Kxg7 19. b6 Nc5 20. Nb5 Na6 21. f4 $16 {Lautier,J-Koch,J, Lyon zt
1990/CBM18[Lautier]}) 12. Rad1 Bc6 13. b4 {[%cal Gb4b5]} b6 14. a3 {First
White takes some space on the queenside.} Rc8 15. Rfe1 Rc7 16. Bf1 {White has
improved position of all his pieces and now is ready for more active actions.}
Rd7 17. Nd5 e5 $2 {A positional mistake. Now Black's dark-squared bishop will
be restricted by his own pawns. Moreover White will have a space advantage and
his bishops are much more active.} (17... e6 {was necessary and it's not so
easy to show a clear way to advantage.} 18. Bxf6 Bxf6 19. Nxf6+ Qxf6 20. b5 Bb7
21. e5 {[%csl Rd7]} Qf4 22. Qd4 ({or} 22. g3 Qh6 23. exd6 Red8 {[%csl Rd6] and
Black is OK.}) 22... Qxd4 23. Rxd4 Red8 24. Red1 d5 {[%cal Gg8f8,Gf8e7] and
Black has good chances to equalize.}) 18. Be3 Nxd5 19. cxd5 $16 Bb7 20. Qb3 {
[%csl Ra7][%cal Gb3a4] White finds an object of attack on a7.} Rf8 21. Qa4 {
[%csl Ra7]} Bc8 {Black has been concentrating on f5, which allowed White to
make some progress on the queenside.} 22. Rc1 f5 {Now a typical King's Indian
position arises.} 23. Rc2 {White ignores the threat of fxe4 and doubles the
rooks.} fxe4 {After this move Black will be lack of counterplay and will win
back a pawn.} ({However also after} 23... f4 24. Bd2 f3 25. Rec1 Bb7 (25...
fxg2 {loses to} 26. Bb5 $1 Qf6 27. Bg5 $1 Qxg5 28. Bxd7 $18 {and White wins.})
26. g3 $16 {[%csl Ra7][%cal Gf1h3,Gh3e6] White is better.}) 24. Rec1 Bb7 25.
Qxa7 Bxd5 26. Rc7 Rdf7 (26... Rxc7 27. Rxc7 Rf7 28. Bxb6 {and the queenside
pawns are much more dangerous than Black's central pawns.}) 27. Qxb6 Rxc7 28.
Rxc7 Bf6 29. a4 {White's plan is simple: he is going to advance the qeenside
pawns while Black has to work hard to do the same in the centre.} (29. Ba6 $1 {
[%cal Ga6b7] with the idea Bb7 was strong.}) 29... Bg5 $2 {This loses a pawn
and White obtains a decisive advantage.} (29... Rf7 {was the last try to put
some resistance.} 30. Rc1 Qxb6 31. Bxb6 Bg5 32. Be3 $16) 30. Bxg5 Qxg5 31. Qxd6
$18 Bb3 {[%cal Ge4e3]} 32. Qc5 {White prevents the only Black's idea e3.} e3 {
Exchanging the a and e-pawn which however doesn't bring a relief.} (32... Bxa4
$2 {[%csl Rf8] loses on the spot to} 33. Bc4+) 33. Qxe3 Qxe3 34. fxe3 Bxa4 35.
b5 Rb8 36. Rc5 Re8 37. Rc7 Rb8 38. Rc4 $1 {White finds an improvement.} Bb3 ({
In case of} 38... Bxb5 $2 39. Rb4 $18 {[%csl Rb5,Rb8] Black loses the bishop.})
39. Rc5 e4 40. Rc6 Kf7 (40... Ba4 {loses a pawn to} 41. Rc4 Bb3 42. Rxe4 $18)
41. Kf2 Rb7 42. b6 Bd5 43. Rd6 Bb3 44. Ba6 Rb8 45. b7 {[%cal Gd6c6,Gc6c8] and
Black can't prevent a manoeuvre of the white rook to c8.} Ba4 46. Rd4 (46. Rd5
$5 {[%cal Gd5c5,Gc5c8]}) 46... Bc6 (46... Bb3 {would hardly safe the game
either.}) 47. Rc4 {and Black resigned as he loses at least the bishop.} (47.
Rc4 Bxb7 (47... Bd7 48. Rc8 $18) 48. Rc7+ $18) 1-0